000
00325nam a2200133Ia 4500
005
20260328101514.0
008
260328s9999||||xx |||||||||||||| ||und||
100
_a
Fernández Buey, F.
245
0
_a
Constructivismo /
_c
F. Fernández Buey
260
_b
Alberto Corazón
300
_a
374 p.
650
_a
HISTORIA
942
_c
BK
999
_c
9289
_d
9289